Statistics for Twilight A to Z

Click here to take the quiz!

General Stats

  • This quiz has been taken 82 times
  • The average score is 16 of 22

Answer Stats

HintAnswer% Correct
Has the ability to see futureAAlice
97%
Title of the third bookEEclipse
94%
Controls emotionsJJasper
94%
Title of the second bookNNew moon
94%
Founder of the Cullen familyCCarlisle
93%
Girl Jacob imprinted onRRenesmee
91%
C's professionDDoctor
85%
The wolf girlLLeah
85%
The boy who saw a movie with Bella and JacobMMike
84%
Sue's husband who died in the second bookHHarry
81%
Friend of Embry and JacobQQuil
76%
Sam's last nameUUley
72%
One of the Volturi guardFFelix
69%
Has the ability to control elementsBBenjamin
66%
Electricity powerKKate
66%
Edward's powerTTelepathy
65%
The only vampire who died in the last bookIIrina
62%
Nomad who took a shock from KGGarrett
59%
One of the Romanian vampire VVladimir
57%
J's friend from Maria's armyPPeter
53%
Bella's last nameSSwann
51%
Vampire who can project visions into others mindZZafrina
51%

Score Distribution

Percentile by Number Answered

Percent of People with Each Score

Your Score History

You have not taken this quiz